Sindhī b̤olī : (Record no. 522529)

000 -LEADER
fixed length control field 01421cam a2200385 a 4500
001 - CONTROL NUMBER
control field 17286918
003 - CONTROL NUMBER IDENTIFIER
control field NUST
005 - DATE AND TIME OF LATEST TRANSACTION
control field 20181030113824.0
008 - FIXED-LENGTH DATA ELEMENTS--GENERAL INFORMATION
fixed length control field 120505s2012 pk b 000 0 sndo
010 ## - LIBRARY OF CONGRESS CONTROL NUMBER
LC control number 2011329910
020 ## - INTERNATIONAL STANDARD BOOK NUMBER
International Standard Book Number 9789699098819
037 ## - SOURCE OF ACQUISITION
Source of stock number/acquisition Library of Congress -- Islamabad Overseas Office
Terms of availability Rs 200.00
038 ## - RECORD CONTENT LICENSOR
Staff Name WASEEM
040 ## - CATALOGING SOURCE
Original cataloging agency DLC
Transcribing agency DLC
041 0# - LANGUAGE CODE
Language code of text/sound track or separate title snd
-- eng
042 ## - AUTHENTICATION CODE
Authentication code lcode
-- pcc
050 00 - LIBRARY OF CONGRESS CALL NUMBER
Classification number PK2784
Item number .H877 2012
082 ## - DEWEY DECIMAL CLASSIFICATION NUMBER
Classification number 491.41
Author Mark HUS
100 1# - MAIN ENTRY--PERSONAL NAME
Personal name Ḥusainu, Fahmīdah.
9 (RLIN) 12459
245 10 - TITLE STATEMENT
Title Sindhī b̤olī :
Remainder of title muk̲h̲talifu lisānī pahlū /
Statement of responsibility, etc. Fahmīdah Ḥusainu.
246 1# - VARYING FORM OF TITLE
Display text Title on t.p. verso:
Title proper/short title Sindhi language :
Remainder of title various linguistic aspects
250 ## - EDITION STATEMENT
Edition statement Chāpo 1.
260 ## - PUBLICATION, DISTRIBUTION, ETC.
Place of publication, distribution, etc. Ḥaidarābādu [Sindh] :
Name of publisher, distributor, etc. Sindhī Laʼngvīj Athāriṭī,
Date of publication, distribution, etc. 2012.
300 ## - PHYSICAL DESCRIPTION
Extent 217 p. ;
Dimensions 22 cm.
504 ## - BIBLIOGRAPHY, ETC. NOTE
Bibliography, etc. note Includes bibliographical references.
520 ## - SUMMARY, ETC.
Summary, etc. On grammar, orthgraphy, spelling and other aspects of Sindhi language.
546 ## - LANGUAGE NOTE
Language note In Sindhi, some in English.
650 #0 - SUBJECT ADDED ENTRY--TOPICAL TERM
Topical term or geographic name entry element Sindhi language
General subdivision Grammar.
9 (RLIN) 12460
650 #0 - SUBJECT ADDED ENTRY--TOPICAL TERM
Topical term or geographic name entry element Sindhi language
General subdivision Orthography and spelling.
9 (RLIN) 12461
650 #0 - SUBJECT ADDED ENTRY--TOPICAL TERM
Topical term or geographic name entry element Sindhi language.
9 (RLIN) 12462
710 2# - ADDED ENTRY--CORPORATE NAME
Corporate name or jurisdiction name as entry element Sindhī Laʼngvīj Athāriṭī.
9 (RLIN) 12463
906 ## - LOCAL DATA ELEMENT F, LDF (RLIN)
a 7
b cbc
c origode
d 3
e ncip
f 20
g y-gencatlg
942 ## - ADDED ENTRY ELEMENTS (KOHA)
Source of classification or shelving scheme
Koha item type Book
Holdings
Withdrawn status Lost status Source of classification or shelving scheme Damaged status Not for loan Permanent Location Current Location Date acquired Total Checkouts Full call number Barcode Date last seen Price effective from Koha item type
          Central Library (CL) Central Library (CL) 10/30/2018   491.41 HUS CL-D-8 10/30/2018 10/30/2018 Book
© 2023 Central Library, National University of Sciences and Technology. All Rights Reserved.